| 000 | 00624nab a2200193 4500 | ||
|---|---|---|---|
| 001 | 244442 | ||
| 003 | OSt | ||
| 005 | 20240919131458.0 | ||
| 007 | tu | ||
| 008 | 200917s2020||||||| | ||
| 040 |
_aDE-2950 _cDE-2950 |
||
| 245 | 0 | 0 |
_aHunderte bei Reden von BSW-Gründerin _bWahlkampf. Sahra Wagenknecht warb am Holzmarkt für ihr Bündnis. Dabei bezog sie auch Position zu Russland und der AfD/ _csep |
| 264 | _c2024 | ||
| 653 | _aFrankfurt (Oder) | ||
| 653 | _aLandtagswahl | ||
| 653 | _aSarah Wagenknecht | ||
| 773 | 0 |
_g35. Jahrgang (2024) Nr. 216 vom 14.09.2024, S. 17 , mit Foto _tMärkische Oderzeitung |
|
| 942 |
_2z _cA |
||
| 999 |
_c373338 _d373338 |
||